Vzťah racionality k morálke

Objasnenie vzťahu medzi morálkou a racionalitou. Tradícia hodnotovo orientovanej racionaliy. Racionalita tradície sv. Tomáša Akvinského.

Enregistré dans:
Détails bibliographiques
Auteur principal: Pavlovkin, Karol
Format: Chapitre de livre
Langue:slovaque
Sujets:
Tags: Ajouter un tag
Pas de tags, Soyez le premier à ajouter un tag!

MARC

LEADER 00000naa a2200000 4500
001 0242731
005 20180510081219.4
041 0 |a slo 
044 |a SK 
245 1 0 |a Vzťah racionality k morálke  |c Karol Pavlovkin 
520 |a Objasnenie vzťahu medzi morálkou a racionalitou. Tradícia hodnotovo orientovanej racionaliy. Racionalita tradície sv. Tomáša Akvinského. 
610 2 0 |a racionalita 
610 2 0 |a morálka 
610 2 0 |a pojmy 
610 2 0 |a filozofia 
100 1 |a Pavlovkin, Karol